000 00383nam a2200169 4500
001 43339
090 _a43339
100 _a20240627 pory50
101 _apor
102 _aPT
200 _aO mistério do Fiacre
_fFergus Hume
210 _aLisboa
_cLivros do Brasil
_d1990
215 _a250, [1]
225 _aVampiro
_v511
675 _a821.111-31
801 _aPT
_gRPC
990 _cLIVROS